Statistiken für Errate den Songtext ohne das Lied zu kennen #2

Klicken Sie hier um das Quiz zu spielen!

Allgemein

  • Dieses Quiz wurde 880 mal gespielt
  • Das Durchschnittsergebnis liegt bei 153 aus 317

Antwortstatistiken

Antwort% Korrekt
Ich
97%
ich
97%
da,
78%
der
72%
das
71%
und
70%
will
67%
will,
67%
Will,
67%
Will
67%
die
66%
hab'
66%
ein
63%
wie
60%
Für
59%
für
59%
'ne
54%
an
52%
alle
51%
mir
51%
bei
50%
in
49%
wo
49%
meine
48%
alles
46%
dass
46%
Haus
46%
mich
44%
von
44%
nicht
42%
zum
42%
Zum
42%
fliegen
41%
Marvel
38%
auf
37%
Immos,
37%
nehm'
37%
Dollars,
36%
haben
36%
haben,
36%
Mama
36%
vom
36%
am
35%
uns
35%
Wildberry-Lillet
35%
also
34%
dein
34%
Küste
34%
Buffet
33%
Frühstück
33%
Hunger,
33%
Hunger
33%
Freunde
31%
Canapés
28%
immer
28%
mit
28%
nach
28%
Catania
25%
Straße
25%
wenn
24%
Beste
22%
wohnen
22%
keiner
21%
sehen
21%
Welt
21%
Jet
19%
sich
19%
Spa
19%
Mars
17%
oben,
17%
besten
16%
Besten
16%
werden
16%
Kaufe
15%
Nina
15%
Plakaten
15%
Zeit
15%
alt
14%
Karten
13%
Lila,
13%
findet
12%
Garage
12%
Garten
12%
stapelt,
12%
Gesicht
11%
hol'
11%
Tisch
11%
bezahlt
10%
bleibt
10%
Panorama
10%
Spaceship
10%
stehen
10%
(stehen)
10%
Insel
9%
Private
9%
Südsee,
9%
warten,
9%
aufwach',
8%
Flamingos
8%
Irgendwo
8%
mei'm
8%
baden
7%
Etagen,
7%
vier
7%
Beach-Waves,
6%
Champagner-Becken
6%
gratis
6%
Ocean-View
6%

Verteilung der Resultate

Perzentil nach korrekt beantworteten Fragen

Anzahl Personen mit jedem Resultat

Ihre Resultats-Entwicklung

Sie haben dieses Quiz noch nicht gespielt